Enfermedades del sistema nervioso / (Record no. 153660)

MARC details
000 -LEADER
campo de control de longitud fija 01227nam a2200241 i 4500
001 - NÚMERO DE CONTROL
campo de control 153660
003 - IDENTIFICADOR DE NÚMERO DE CONTROL
campo de control ES-MaACL
005 - FECHA Y HORA DE LA ÚLTIMA TRANSACCIÓN
campo de control 20230906205329.0
008 - DATOS DE LONGITUD FIJA--INFORMACIÓN GENERAL
campo de control de longitud fija 000414m18861888sp |||| | spa d
040 ## - FUENTE DE CATALOGACIÓN
Centro catalogador/agencia de origen CAM
Lengua de catalogación spa
Centro/agencia transcriptor CAM
245 00 - MENCIÓN DEL TÍTULO
Título Enfermedades del sistema nervioso /
Mención de responsabilidad, etc. por E. Nothnagel ...[et al.]; versión española del Dr. Francisco Vallina.
260 ## - PUBLICACIÓN, DISTRIBUCIÓN, ETC.
Lugar de publicación, distribución, etc. Madrid :
Nombre del editor, distribuidor, etc. [s.n.],
Fecha de publicación, distribución, etc. 1886-1888 (
Fabricante Imprenta Central á cargo de Víctor Saiz)
300 ## - DESCRIPCIÓN FÍSICA
Extensión 6 v. ;
Dimensiones 24 cm.
490 1# - MENCIÓN DE SERIE
Mención de serie Tratado enciclopédico de patología médica y terapéutica / publicado bajo la dirección del Dr. H. Ziemssen ;
Designación de volumen o secuencia 4, 5, 6, 7, 8, 9
596 ## - NOTA AL PIE DE IMPRENTA
NOTA AL PIE DE IMPRENTA Los t. II-VI impresos por: establecimiento tipográfico "Sucesores de Rivadeneyra"
597 ## - NOTA DE DESCRIPCIÓN FÍSICA
NOTA DE DESCRIPCIÓN FÍSICA Vol.I (798 p.) -- Vol. II (702 p.) -- Vol. III (999 p.) -- Vol. IV (920 p.) -- Vol. V (952 p.) -- Vol. VI (954 p.)
650 #4 - PUNTO DE ACCESO ADICIONAL DE MATERIA--TÉRMINO DE MATERIA
Término de materia o nombre geográfico como elemento de entrada Sistema nervioso-
Subdivisión general Enfermedades.
9 (RLIN) 17135
700 11 - ENTRADA AGREGADA--NOMBRE PERSONAL
Nombre de persona Nothnagel, E.
9 (RLIN) 130527
700 1# - ENTRADA AGREGADA--NOMBRE PERSONAL
Nombre de persona Vallina, Francisco.
9 (RLIN) 133527
830 0# - PUNTO DE ACCESO ADICIONAL DE SERIE-TÍTULO UNIFORME
Título uniforme Tratado enciclopédico de patología médica y terapéutica / publicado bajo la dirección del Dr. H. Ziemssen ;
Designación de volumen o secuencia 4, 5, 6, 7, 8, 9
9 (RLIN) 187771
852 ## - LOCALIZACIÓN
Ubicación ES-MaACL
Número de control de estantería B-12223-28
Nota libre -- Enc. pasta española
Holdings
Estatus retirado Estado de pérdida Estado de daño No para préstamo Colección Biblioteca de origen Biblioteca actual Ubicación en estantería Fecha de adquisición Total de préstamos Signatura topográfica completa Código de barras Visto por última vez Precio de reemplazo Tipo de ítem Koha
        Libros del s. XIX Biblioteca del Ateneo de Madrid Biblioteca del Ateneo de Madrid Sala Pardo Bazán 17/01/2008   B-12223-28 1160641 23/02/2023 23/02/2023 Libro impreso antiguo